Statistiques concernant Paris : Où se trouvent ces lieux "plus" ou "moins" ? 1

Cliquez ici pour prendre le quiz!

Statistiques générales

  • Ce quiz a été pris 20 fois
  • Le résultat moyen est 7 sur 22

Statistiques - réponses

HintRéponse% Correct
La ligne de métro avec le moins de stationsLigne 3bis
89%
La plus longue ligne de RERLigne D
78%
La plus courte ligne de métroLigne 3bis
61%
La plus courte ligne de RERLigne E
61%
La plus grande salle de spectacle12e / Boulevard de Bercy
39%
Le point le plus haut (domaine privé)18e / Butte Montmartre
39%
La plus longue rue6e/15e Rue de Vaugirard
39%
La rue la plus étroite5e / Rue du chat qui pêche
33%
La plus haute construction7e / Champs de Mars
33%
La plus longue ligne de métroLigne 8
33%
Le plus grand cimetière20e / Rue du Repos
28%
La station de métro la moins fréquentée16e / Eglise d'Auteuil
22%
Le plus haut hôtel17e / Place Koenig
22%
Le plus haut immeuble d'habitation19e / Rue Archereau
22%
La plus grande profondeur de la Seine15e / Pont Mirabeau
17%
La rue la plus pentue20e / Rue Gasnier-Guy
17%
La plus étroite maison10e / Rue du Château d'eau
11%
Le plus grand parc19e / Avenue Jean Jaurès
11%
La plus grande église6e / Rue Palatine
11%
La ligne de métro avec le plus de stationsLigne 7
11%
La plus courte rue2e / Rue des Degrés
6%
Le lieu le plus chaud14e / Rue Gazan
0%

Distribution des résultats

Percentile par nombre de réponses

% des personnes avec chaque résultat

Votre développement - résultats

Vous n’avez pas pris ce quiz